000 01132cab a220020557 4500
001 L148836
008 091112e20091017xxk g 000 0 eng d
035 _a(Sirsi) u148836
041 0 _aeng
100 1 _aJack, Simon
245 0 0 _aFocus M25 North-East
260 _c2009
490 _aEstates Gazette
_v17 October 2009, (0941) 76-83(7)
520 _aM25 north-east quadrant office statistics 2009 sourced by Knight Frank highlight rents in £ per sq ft, vacancy rates, development(sq ft) prime yield (%) for Welwyn Garden City, Harlow, Enfield, Ilford, Romford and Brentwood. Industrial market along the M25 north east sector are showing signs of an upturn with agents reporting an improvement in the market. Compares retail rents between Welwyn Garden City, Harlow, Brentwood, Romford, Ilford and Enfield. Discusses plans by developer Stockland for a retail regeneration scheme backed by Harlow council and comments on the retail market in Romford and Ilford.
590 _aKA
651 4 _aEngland
_y886-
690 _aPROPERTY-COMMERCIAL PROPERTY-COMMERCIAL PROPERTY MARKET
700 1 _aCavanagh, Elaine
942 _n0
999 _c81970
_d81970